00676nam a2200181 i 4500001000700000003000700007005001700014008004100031080002100072100003700093245005300130260006900183300002200252490004300274710002900317830004300346852010500389187185SpMaBN20250821063116.0170428s1911 sp |||| | spa d a821.134.2-31"18"1 aGómez, Valentín, d1843-190713aEl hijo del labriego / cpor Valentín Gómez. aMadrid : bAdministración del Apostolado de la Prensa, c1911. a598 p. ; c19 cm.1 aBiblioteca del Apostolado de la Prensa2 aApostolado de la Prensa.0 aBiblioteca del Apostolado de la Prensa aES-MaACLjL-31519 z- enc. cart. z. - Donat. herederos de la bibl. de Mª del Pilar Costa Palacín